Score 0/19 Timer 05:00
0 Plays Today
Year Show % Correct
1986-1993Double Dare
88.7%
1992-1995GUTS
79%
1993-1995Legends of the Hidden Temple
75.1%
1997-1999Figure It Out (all versions)
71.5%
2000Double Dare 2000
55.1%
1990-1992, 2000Wild and Crazy Kids
54.5%
1995Global GUTS
48.5%
1988-1992Family Double Dare
47.1%
1992-1993Nick Arcade
45.8%
1991-1993What Would You Do?
43.6%
Year Show % Correct
1991Get the Picture
34.4%
1987-1988Finder's Keepers
31.2%
2009-presentBrainSurge
30.2%
1987Super Sloppy Double Dare
23.9%
1989-1991Make the Grade
17.7%
1998-1999You're On!
16.9%
1989-1991Think Fast!
16.8%
2008-presentMy Family's Got GUTS
13%
2002Nickelodeon Robot Wars
8.9%
Remove Ads.
Support Sporcle.
Get the best of Sporcle when you Go Orange. This ad-free experience offers more features, more stats, and more fun while also helping to support Sporcle. Thank you for becoming a member.

You're not logged in!

Compare scores with friends on all Sporcle quizzes.
OR
Log In

Show Comments

Extras

Created Sep 28, 2009ReportNominate
Tags:Show Quiz, host, Nickelodeon

Top Quizzes Today


Score Distribution

Your Account Isn't Verified!

In order to create a playlist on Sporcle, you need to verify the email address you used during registration. Go to your Sporcle Settings to finish the process.

Report this User

Report this user for behavior that violates our Community Guidelines.

Details: